书目信息 |
| 题名: |
繁荣的求索
|
|
| 作者: | 林毅夫 著 ;张建华 译 | |
| 分册: | ||
| 出版信息: | 北京 北京大学出版社 2012 |
|
| 页数: | 290页 | |
| 开本: | 24cm | |
| 丛书名: | ||
| 单 册: | ||
| 中图分类: | F112.1 | |
| 科图分类: | ||
| 主题词: | 发展中国家--经济发展--研究 , 发展中国家 , 经济发展 | |
| 电子资源: | ||
| ISBN: | 978-7-301-21413-8 | |
| 000 | 01196nam0 2200289 450 | |
| 001 | 524 | |
| 005 | 20140908151308.76 | |
| 010 | @a978-7-301-21413-8@b精装@dCNY62.00 | |
| 100 | @a20130116d2012 em y0chiy50 ea | |
| 101 | 1 | @achi@ceng |
| 102 | @aCN@b110000 | |
| 105 | @ac z 000yy | |
| 106 | @ar | |
| 200 | 1 | @a繁荣的求索@AFan Rong De Qiu Suo@e发展中经济如何崛起@EFa Zhan Zhong Jing Ji Ru He Jue Qi@dThe quest for prosperity@ehow developing economies can take off@f林毅夫著@FLin Yi Fu Zhu@g张建华译@zeng |
| 210 | @a北京@c北京大学出版社@d2012 | |
| 215 | @a290页@c肖像@d24cm | |
| 330 | @a本书内容包括:新挑战与新的解决方案;流派之争与范式的变迁;经济发展:来自失败的教训;来自成功赶超国家的经验;反思经济发展的一个理论框架:新结构经济学等。 | |
| 510 | 1 | @aQuest for prosperity@ehow developing economies can take off@zeng |
| 517 | 1 | @a发展中经济如何崛起@AFa Zhan Zhong Jing Ji Ru He Jue Qi |
| 606 | 0 | @a发展中国家@x经济发展@x研究 |
| 606 | 0 | @a发展中国家 |
| 606 | 0 | @a经济发展 |
| 690 | @aF112.1@v5 | |
| 701 | 0 | @a林毅夫@ALin Yi Fu@f(1952.10~)@4著 |
| 702 | 0 | @a张建华@AZhang Jian Hua@g(经济学,@f1965~)@4译 |
| 801 | 0 | @aCN@bTANGWEI@c20140603 |
| 905 | @b0838879-81@dF112.1@e158@f3 | |
| 繁荣的求索:发展中经济如何崛起=The quest for prosperity:how developing economies can take off/林毅夫著/张建华译.-北京:北京大学出版社,2012 |
| 290页:肖像;24cm |
| ISBN 978-7-301-21413-8(精装):CNY62.00 |
| 本书内容包括:新挑战与新的解决方案;流派之争与范式的变迁;经济发展:来自失败的教训;来自成功赶超国家的经验;反思经济发展的一个理论框架:新结构经济学等。 |
| ● |
| 相关链接 |
|
|
|
|
正题名:繁荣的求索
索取号:F112.1/158
 
预约/预借
| 序号 | 登录号 | 条形码 | 馆藏地/架位号 | 状态 | 备注 |
| 1 | 0838879 | 208388797 | 第一样本阅览室/ [索取号:F112.1/158] | 在馆 | |
| 2 | 0838880 | 208388804 | 第一借阅区/ [索取号:F112.1/158] | 在馆 | |
| 3 | 0838881 | 208388813 | 密集书库-海洋学院/ [索取号:F112.1/158] | 在馆 |